[Event "Campeonato de Aragón por Equipos 2008 "]
[Site "Aragón"]
[Date "2008.02.09"]
[Round "2.28"]
[White "Lahoz Andres"]
[Black "Galindo Galindo Francisco Javier"]
[Result "1/2-1/2"]
[WhiteElo "1622"]
[BlackElo "1864"]

1.e4 c5 2.Nf3 d6 3.d4 cxd4 4.Nxd4 a6 5.f3 g6 6.Be3 Bg7 7.Nc3 Nf6 8.Qd2 Nc6 9.
Nxc6 bxc6 10.O-O-O Nd7 11.h4 h5 12.Bd4 Bh6 13.Be3 Bg7 14.Bd4 Bh6 15.Be3
1/2-1/2

[Event "Campeonato de Aragón por Equipos 2008 "]
[Site "Aragón"]
[Date "2008.02.09"]
[Round "2.29"]
[White "Ramiro Ovejero Juan Luis"]
[Black "Malo Guillen Jose Luis"]
[Result "1-0"]
[WhiteElo "2330"]
[BlackElo "2198"]

1.e4 d6 2.d4 Nf6 3.Nc3 g6 4.g3 Bg7 5.Bg2 O-O 6.Nge2 e5 7.O-O Nc6 8.d5 Ne7 9.a4
c6 10.a5 cxd5 11.exd5 Ne8 12.Ra3 h6 13.b4 f5 14.f4 Nf6 15.Kh1 h5 16.fxe5 dxe5
17.d6 Nc6 18.a6 Qd7 19.b5 Nd8 20.Nd5 Nxd5 21.Qxd5+ Kh7 22.Be3 Qf7 23.Rd1 Be6
24.Qd2 Qd7 25.axb7 Nxb7 26.Bc6 Qc8 27.Bxa7 Bd7 28.Qd5 Be6 29.Qg2 e4 30.d7 Qc7
31.Nf4 Bf7 32.Qf2 Bf6 33.Bb6 Qb8 34.Rxa8 Qxa8 35.d8=Q Bxd8 36.Bxd8 Rxd8 37.
Rxd8 Qxd8 38.Bxb7 Bc4 39.Bc6 g5 40.Nd5 Kg6 41.Qd4 Be2 42.Nf4+ 1-0

[Event "Campeonato de Aragón por Equipos 2008 "]
[Site "Aragón"]
[Date "2008.02.09"]
[Round "2.31"]
[White "Alonso Fernandez Revuelta Rodri"]
[Black "Artal Alegria Francisco Javier"]
[Result "1-0"]
[WhiteElo "2138"]
[BlackElo "1943"]

1.e4 e6 2.d3 d5 3.Nd2 Nf6 4.Ngf3 c5 5.g3 Nc6 6.Bg2 Be7 7.O-O O-O 8.Re1 Re8 9.
e5 Nd7 10.c3 Qc7 11.Qe2 b5 12.a3 a5 13.Nf1 c4 14.d4 Ba6 15.h4 b4 16.h5 bxc3
17.bxc3 a4 18.h6 g6 19.Ne3 Na5 20.Nc2 Nb3 21.Rb1 Nxc1 22.Rexc1 Nb8 23.Nb4 Nc6
24.Qe3 Na5 25.Rc2 Nb3 26.Ra2 Bb5 27.Nc2 Rab8 28.Rab2 Rb6 29.Nh2 Reb8 30.Ng4
Qd8 31.f4 Bd7 32.Nb4 Bc6 33.Nh2 Bf8 34.g4 Ba8 35.Qh3 Qd7 36.Nf1 Be7 37.Ne3 Rd8
38.Bf3 Qa7 39.Kh2 Kf8 40.Bd1 Rc8 41.f5 Kg8 42.Rf2 Rf8 43.Bc2 Rbb8 44.Rbf1 Bxb4
45.axb4 a3 46.Bb1 Qe7 47.Ra2 Qa7 48.Qh4 Nxd4 49.Qf6 1-0

[Event "Campeonato de Aragón por Equipos 2008 "]
[Site "Aragón"]
[Date "2008.02.09"]
[Round "2.32"]
[White "Tirapo Larcuen Ana"]
[Black "Galvez Perez Jose Luis"]
[Result "0-1"]
[WhiteElo "1883"]
[BlackElo "2120"]

1.e4 d6 2.Nf3 Nf6 3.d3 g6 4.g3 Bg7 5.Bg2 O-O 6.O-O Nc6 7.Nbd2 e5 8.c3 h6 9.Nc4
Be6 10.Ne1 d5 11.Nd2 dxe4 12.dxe4 Bc4 13.Nc2 Bxf1 14.Qxf1 Qd7 15.Bh3 Qe7 16.b3
Rfd8 17.Ba3 Qe8 18.Qe2 Bf8 19.Bb2 a5 20.a4 Bc5 21.Nc4 Kg7 22.Rd1 Qe7 23.Kh1 h5
24.f3 h4 25.Bc1 hxg3 26.hxg3 Rh8 27.Kg2 Rh5 28.N2e3 Rah8 29.Rh1 Qd8 30.Bd2 Bb6
31.Nb2 Nb8 32.Nbc4 c6 33.g4 Rh4 34.Be1 R4h7 35.Nxe5 Nh5 36.Qd2 Qf6 37.gxh5
Qxe5 0-1

[Event "Campeonato de Aragón por Equipos 2008 "]
[Site "Aragón"]
[Date "2008.02.09"]
[Round "2.33"]
[White "Sicilia Manuel"]
[Black "Lopez Guaita Fernando"]
[Result "1/2-1/2"]
[WhiteElo "2144"]
[BlackElo "2065"]

1.d4 d5 2.Nf3 Nf6 3.e3 c5 4.Bd3 c4 5.Be2 e6 6.b3 cxb3 7.axb3 Nc6 8.O-O Bd6 9.
Nbd2 O-O 10.Bb2 Nd7 11.e4 Bf4 12.Ba3 Re8 13.c3 b6 14.Bd3 dxe4 15.Nxe4 Nf6 16.
Qc2 g6 17.g3 Bc7 18.Rad1 Bb7 19.Ne5 Rc8 20.Qe2 Nxe4 21.Bxe4 Bb8 22.Rd3 Qc7 23.
Ng4 Qd8 24.Ne5 Qc7 25.f4 Ne7 26.Bxe7 Qxe7 27.Ra1 f6 28.Bxb7 Qxb7 29.Nf3 Qd5
30.c4 Qd6 31.Re3 Kf7 1/2-1/2

[Event "Campeonato de Aragón por Equipos 2008 "]
[Site "Aragón"]
[Date "2008.02.09"]
[Round "2.34"]
[White "Rodes Apilluelo Jose Maria"]
[Black "Valiente JL"]
[Result "0-1"]
[WhiteElo "2053"]
[BlackElo "2134"]

1.e4 Nf6 2.Nc3 d5 3.exd5 Nxd5 4.Bc4 Nxc3 5.Qf3 e6 6.Qxc3 Nc6 7.Nf3 Qf6 8.Qxf6
gxf6 9.d4 Bd6 10.Be3 a6 11.O-O-O b5 12.Bb3 Na5 13.d5 Bb7 14.dxe6 Nxb3+ 15.axb3
fxe6 16.Ne1 O-O-O 17.f3 Rhg8 18.Rd2 e5 19.Rf1 f5 20.Nd3 a5 21.g3 h5 22.Nc5 Bc6
23.Ne6 Rde8 24.Nc5 h4 25.gxh4 f4 26.Bf2 Bxf3 27.Be1 Bg2 28.Rg1 Bxc5 29.Rgxg2
Be3 30.Rg5 f3 31.Kd1 Bxg5 32.hxg5 Rxg5 33.Bg3 e4 34.Ke1 e3 35.Rd4 Rh8 0-1

[Event "Campeonato de Aragón por Equipos 2008 "]
[Site "Aragón"]
[Date "2008.02.09"]
[Round "2.35"]
[White "Carruez Berges Santiago"]
[Black "Bayod Rubia Angel"]
[Result "1-0"]
[WhiteElo "2106"]
[BlackElo "2042"]

1.Nf3 Nf6 2.g3 g6 3.b4 Bg7 4.Bb2 O-O 5.Bg2 d6 6.O-O c6 7.a4 Na6 8.b5 Nc7 9.
bxc6 bxc6 10.Nd4 c5 11.Bxa8 Nxa8 12.Nf3 Bh3 13.Re1 Qb6 14.Nc3 Qc6 15.Rb1 Nb6
16.d3 Nxa4 17.Nxa4 Qxa4 18.c4 Qd7 19.Qd2 e5 20.Ng5 Bh6 21.Ne4 Kg7 22.f4 Qc6
23.Qe3 Ne8 24.Qf3 Qc8 25.fxe5 dxe5 26.Bxe5+ f6 27.Bc3 Rf7 28.Rb5 Qe6 29.Rxc5
Kg8 30.Rb1 Bg4 31.Qf2 f5 32.Re5 Qc8 33.Qc5 Qd8 34.Qd5 Be3+ 35.Kg2 fxe4 36.Qxd8
1-0

[Event "Campeonato de Aragón por Equipos 2008 "]
[Site "Aragón"]
[Date "2008.02.09"]
[Round "2.36"]
[White "Bailo Remacha Santiago"]
[Black "Fernandez Urrutia Gallo Carlos"]
[Result "1/2-1/2"]
[WhiteElo "2017"]
[BlackElo "2023"]

1.d4 g6 2.b3 Bg7 3.Bb2 c5 4.Nf3 Nh6 5.Qc1 O-O 6.d5 d6 7.Bxg7 Kxg7 8.e4 Bg4 9.
h3 Bxf3 10.gxf3 Qa5+ 11.c3 Nd7 12.h4 f5 13.h5 f4 14.hxg6 hxg6 15.Bh3 Ne5 16.
Ke2 Rf6 17.c4 b5 18.Nd2 Nhf7 19.Qc2 Rb8 20.Rag1 bxc4 21.bxc4 Rb4 22.Rb1 Qa4
23.Rhc1 Ng5 24.Bg4 Nxg4 25.fxg4 f3+ 26.Ke3 Nf7 27.Rxb4 Qxb4 28.Nxf3 Qa3+ 29.
Qc3 Qxa2 30.Ra1 Ne5 31.Rxa2 Rxf3+ 32.Kd2 Rxf2+ 33.Kd1 Rxa2 34.Qb3 Rg2 35.Qb7
Kf7 36.Qc8 Rxg4 37.Qe6+ Kf8 38.Qc8+ 1/2-1/2

[Event "Campeonato de Aragón por Equipos 2008 "]
[Site "Aragón"]
[Date "2008.02.09"]
[Round "2.37"]
[White "Palacios Latasa Elias"]
[Black "Valles Mata David"]
[Result "1/2-1/2"]
[WhiteElo "2198"]
[BlackElo "2107"]

1.e4 c5 2.Nf3 Nc6 3.d4 cxd4 4.Nxd4 Nf6 5.Nc3 e5 6.Ndb5 d6 7.Bg5 a6 8.Bxf6 gxf6
9.Na3 f5 10.Nc4 fxe4 11.Nxe4 d5 12.Qxd5 Be6 13.Ncd6+ Bxd6 14.Qxd6 Qxd6 15.
Nxd6+ Ke7 16.O-O-O Rhd8 17.Nxb7 Rxd1+ 18.Kxd1 Rb8 19.Nc5 Rxb2 20.Nxe6 fxe6 21.
Kd2 Rxa2 22.Bd3 h6 23.Rb1 a5 24.Bc4 Ra4 25.Kc3 Kd6 26.Rb6 Kc5 27.Rb5+ Kd6 28.
Rb7 Nd4 29.Kd3 Nxc2 30.Rb6+ Kc5 31.Rb5+ Kd6 32.Rb6+ Kc5 33.Rb5+ Kd6 1/2-1/2

[Event "Campeonato de Aragón por Equipos 2008 "]
[Site "Aragón"]
[Date "2008.02.09"]
[Round "2.38"]
[White "Avellanas Pau Miguel Angel"]
[Black "Veras Sanz Marino"]
[Result "0-1"]
[WhiteElo "1934"]
[BlackElo "2063"]

1.e4 c5 2.Nf3 d6 3.d4 cxd4 4.Nxd4 Nf6 5.Nc3 g6 6.Be2 Bg7 7.Be3 Nc6 8.Qd2 O-O
9.f3 d5 10.Nxc6 bxc6 11.Rd1 Qc7 12.exd5 Rd8 13.Bf4 Qa5 14.Bc4 Qc5 15.Bb3 cxd5
16.Nxd5 Nxd5 17.c4 Nxf4 18.Qxd8+ Bf8 19.Qd4 Qg5 20.g3 Ne6 21.Qe4 Nc5 22.Qd4 e5
23.Qf2 Ne6 24.h4 Qf6 25.O-O Bc5 0-1

[Event "Campeonato de Aragón por Equipos 2008 "]
[Site "Aragón"]
[Date "2008.02.09"]
[Round "2.39"]
[White "Sarto Ramos Angel"]
[Black "Cuello Borau Jorge"]
[Result "1-0"]
[WhiteElo "2058"]
[BlackElo "1839"]

1.d4 d5 2.Nf3 e6 3.Nbd2 Nf6 4.e3 c5 5.c3 Nc6 6.Bd3 Qc7 7.O-O Be7 8.Qe2 O-O 9.
e4 dxe4 10.Nxe4 cxd4 11.cxd4 Rd8 12.Nxf6+ Bxf6 13.Be3 Nxd4 14.Nxd4 Bxd4 15.
Rac1 Qa5 16.Rfd1 e5 17.Bxh7+ Kf8 18.Bb1 Be6 19.b3 Bxe3 20.Qxe3 Rxd1+ 21.Rxd1
Rc8 22.h3 a6 23.Qe4 b6 24.Qh4 g6 25.Qf6 e4 26.Qh8+ Ke7 27.Qh4+ Kf8 28.Qxe4 Qg5
29.Qd4 Kg8 30.f4 Qg3 31.Qf2 Qxf2+ 32.Kxf2 Rc3 33.Rd2 Kf8 34.Be4 Ke7 35.Rc2
Rxc2+ 36.Bxc2 Kd6 37.Ke3 Kc5 38.g4 Kb4 39.f5 gxf5 40.Bxf5 Bxb3 41.axb3 Kxb3
42.h4 a5 43.h5 1-0

[Event "Campeonato de Aragón por Equipos 2008 "]
[Site "Aragón"]
[Date "2008.02.09"]
[Round "2.40"]
[White "Gil Luis"]
[Black "Hernandez Gabriel"]
[Result "0-1"]
[WhiteElo "1733"]
[BlackElo "2041"]

1.e4 c5 2.Nf3 d6 3.d4 cxd4 4.Nxd4 Nf6 5.f3 e5 6.Nb3 d5 7.exd5 Qxd5 8.Qxd5 Nxd5
9.c3 Be7 10.N1d2 Ne3 11.Kf2 Nxf1 12.Rxf1 a5 13.a4 Be6 14.Rb1 O-O 15.c4 Nc6 16.
Na1 Bc5+ 17.Kg3 f5 18.h3 Rad8 19.b3 Rd3 20.Nc2 Rfd8 21.Rd1 Nd4 22.Nxd4 R3xd4
23.Bb2 Rxd2 24.Rxd2 Rxd2 25.Bxe5 Kf7 26.Kh2 Bd7 27.Bc3 Re2 28.Bxa5 Bc6 29.Kh1
Be3 30.Bc7 f4 31.a5 Rc2 32.Bd6 g5 33.Bc7 h5 34.Rd1 g4 35.hxg4 hxg4 36.Bb6 Bxb6
37.axb6 gxf3 38.gxf3 Bxf3+ 39.Kg1 Bxd1 0-1

[Event "Campeonato de Aragón por Equipos 2008 "]
[Site "Aragón"]
[Date "2008.02.09"]
[Round "2.41"]
[White "Cantin Zaborras Valentin"]
[Black "Gavin Roche Enrique"]
[Result "1-0"]
[WhiteElo "2141"]
[BlackElo "2278"]

1.e4 d6 2.d4 Nf6 3.Nc3 e5 4.Nge2 Be7 5.f3 O-O 6.Be3 c6 7.Qd2 b5 8.d5 b4 9.Nd1
cxd5 10.exd5 Nbd7 11.c4 bxc3 12.Nexc3 Nb6 13.Bf2 Bb7 14.Ne3 Rc8 15.Be2 Nh5 16.
O-O Nf4 17.Rfd1 f5 18.Bf1 Kh8 19.a4 a5 20.Rab1 Qe8 21.b4 Rxc3 22.bxa5 Qa8 23.
Qxc3 Nbxd5 24.Qb3 Nxe3 25.Bxe3 Bd5 26.Qb6 Ba2 27.Rb2 Nd5 28.Qa7 Nxe3 29.Qxe3
Be6 30.Qb6 Rd8 31.a6 Bd7 32.a7 h6 33.Qb7 d5 34.Qxa8 1-0

[Event "Campeonato de Aragón por Equipos 2008 "]
[Site "Aragón"]
[Date "2008.02.09"]
[Round "2.42"]
[White "Sanz Barrionuevo A"]
[Black "Valiente Roy Jose Javier"]
[Result "0-1"]
[WhiteElo "2015"]
[BlackElo "2109"]

1.e4 c6 2.d4 d5 3.e5 c5 4.c3 Nc6 5.Nf3 Bg4 6.Be2 e6 7.O-O Bxf3 8.Bxf3 cxd4 9.
cxd4 Qb6 10.Bd2 Qxd4 11.Qb3 Qb6 12.Re1 Bc5 13.Qxb6 Bxb6 14.Nc3 Nge7 15.Nb5 O-O
16.a4 Ng6 17.Bc3 a6 18.Nd6 Rab8 19.b4 Bc7 20.b5 Ncxe5 21.Bxe5 Nxe5 22.Rxe5
Bxd6 23.Ree1 Rfc8 24.b6 a5 25.Rac1 Rc6 26.Rxc6 bxc6 27.Rb1 Bc5 28.b7 Bb4 29.
Rc1 c5 0-1

[Event "Campeonato de Aragón por Equipos 2008 "]
[Site "Aragón"]
[Date "2008.02.09"]
[Round "2.43"]
[White "Martin Barbero Roberto"]
[Black "Ferrer  Francisco Javier"]
[Result "1/2-1/2"]
[WhiteElo "1963"]
[BlackElo "1997"]

1.d4 Nf6 2.Nf3 e6 3.g3 b6 4.Bg2 Bb7 5.O-O c5 6.c3 d5 7.Ne5 Nc6 8.Qa4 Qc7 9.Nd2
Bd6 10.Ndf3 O-O 11.Bf4 Ne4 12.Nd3 Bxf4 13.Nxf4 g5 14.Nd3 c4 15.Nde5 f6 16.Nxc6
Bxc6 17.Qc2 g4 18.Nd2 Nxd2 19.Qxd2 f5 20.h3 h5 21.Qg5+ Qg7 22.Qe3 Rf6 1/2-1/2

[Event "Campeonato de Aragón por Equipos 2008 "]
[Site "Aragón"]
[Date "2008.02.09"]
[Round "2.44"]
[White "Navarro Sancho Rafael"]
[Black "Navarro Castan Jesus"]
[Result "0-1"]
[WhiteElo "1963"]
[BlackElo "1888"]

1.e4 c5 2.Nf3 d6 3.d4 cxd4 4.Nxd4 Nf6 5.Nc3 a6 6.Bg5 e6 7.f4 Be7 8.Qf3 Qc7 9.
O-O-O Nc6 10.Nxc6 Qxc6 11.Bd3 b5 12.Rhe1 b4 13.Bxf6 Bxf6 14.Nd5 Bd8 15.Nxb4
Qb7 16.a3 O-O 17.e5 d5 18.Qe2 a5 19.Na2 Rb8 20.c3 Qb3 21.Bb1 g6 22.h4 Ba6 23.
Qc2 Qxc2+ 24.Bxc2 Bxh4 25.Rh1 Bf2 26.Bd3 Bb7 27.Kc2 d4 28.Rd2 Be3 29.Re2 Bd5
30.c4 Bc6 31.Rf1 Ba4+ 32.Kb1 Rfc8 33.b4 Bb3 34.c5 Bxa2+ 35.Kxa2 axb4 36.axb4
Rxb4 37.Ka3 Rb7 0-1

[Event "Campeonato de Aragón por Equipos 2008 "]
[Site "Aragón"]
[Date "2008.02.09"]
[Round "2.45"]
[White "Aparicio Navarro Pedro Jose"]
[Black "Luis Vitalla Fernando"]
[Result "1/2-1/2"]
[WhiteElo "2196"]
[BlackElo "2199"]

1.d4 d5 2.c4 c6 3.Nf3 Nf6 4.Nc3 dxc4 5.a4 Bf5 6.e3 e6 7.Bxc4 Bb4 8.O-O O-O 9.
Ne2 c5 10.Ng3 Bg4 11.dxc5 Nc6 12.Be2 e5 13.h3 Be6 14.Bd2 e4 15.Ng5 Qxd2 16.
Qxd2 Bxd2 17.N3xe4 Nxe4 18.Nxe4 Rad8 19.Rfd1 Bb4 20.Rxd8 Rxd8 21.Nd6 b6 22.Rc1
bxc5 23.Nb7 Rd2 24.Bb5 Ne7 25.Nxc5 Bxc5 26.Rxc5 Rxb2 27.Rc7 Nc8 28.Bd7 Rb8 29.
Bxc8 Rxc8 30.Rxa7 Bd5 31.a5 Kf8 32.Rd7 Bc6 33.Ra7 Ra8 34.Rc7 Bd5 35.Rc5 Be6
36.e4 Ke7 37.f4 Kd6 38.Rh5 h6 39.g4 f6 40.e5+ fxe5 41.Rxe5 Bd5 42.g5 hxg5 43.
Rxg5 Ra7 44.Kf2 Be6 45.h4 1/2-1/2

[Event "Campeonato de Aragón por Equipos 2008 "]
[Site "Aragón"]
[Date "2008.02.09"]
[Round "2.46"]
[White "Gella Lopez Angel"]
[Black "Munoz Munoz Juan Carlos"]
[Result "1/2-1/2"]
[WhiteElo "2094"]
[BlackElo "2137"]

1.d4 g6 2.e4 Bg7 3.Nc3 c5 4.dxc5 Qa5 5.Ne2 Nf6 6.Bd2 Qxc5 7.Be3 Qa5 8.Qd2 Nc6
9.f3 d6 10.Nd4 Nxd4 11.Bxd4 O-O 12.Bc4 Qb4 13.Qd3 Bd7 14.a3 Qa5 15.O-O-O a6
16.Qe3 b5 17.Bd5 Rab8 18.Na2 Qc7 19.Nb4 Rfc8 20.Bc3 a5 21.e5 axb4 22.exf6 Bxf6
23.axb4 Bxc3 24.bxc3 Qxc3 25.Qxc3 Rxc3 26.Kb2 Rbc8 27.Rd2 Bf5 28.Bb3 h5
1/2-1/2

[Event "Campeonato de Aragón por Equipos 2008 "]
[Site "Aragón"]
[Date "2008.02.09"]
[Round "2.47"]
[White "Sanchez Moreno Jose Carlos"]
[Black "Laplaza Ara Carlos"]
[Result "0-1"]
[WhiteElo "2019"]
[BlackElo "2008"]

1.Nf3 d5 2.d4 Nf6 3.e3 c6 4.Bd3 Bg4 5.h3 Bh5 6.Nbd2 Bg6 7.Bxg6 hxg6 8.c4 e6 9.
cxd5 cxd5 10.Qb3 Qc7 11.O-O Bd6 12.Ne5 Nc6 13.Ndf3 O-O 14.Nxc6 Qxc6 15.Bd2
Rfc8 16.Rfc1 Qa6 17.Ng5 b6 18.Bb4 Bxb4 19.Qxb4 Qb7 20.Qd6 Qd7 21.Qa3 Rc7 22.b3
Rac8 23.b4 Ne8 24.Nf3 Nd6 25.Ne5 Qb5 26.Rxc7 Rxc7 27.Rc1 Rxc1+ 28.Qxc1 Nc4 29.
Nxc4 dxc4 30.Qc3 a5 31.a3 axb4 32.axb4 Qc6 33.Kf1 b5 34.h4 Qe4 35.g3 Qb1+ 36.
Ke2 Qa2+ 37.Ke1 Kh7 38.g4 Qb1+ 39.Ke2 Qh1 40.g5 Qxh4 41.f4 f6 42.gxf6 gxf6 43.
Qa3 Qh2+ 44.Ke1 Qh1+ 45.Kf2 Qb7 46.Qa1 Kg7 47.Qa3 g5 48.fxg5 fxg5 49.Kg3 Kg6
50.Qa1 Qe4 51.Kf2 g4 52.Qd1 Kf5 53.Kg3 Qxe3+ 54.Kh2 Qf2+ 0-1

[Event "Campeonato de Aragón por Equipos 2008 "]
[Site "Aragón"]
[Date "2008.02.09"]
[Round "2.48"]
[White "Gella Bitrian Diego"]
[Black "Moreno Mario"]
[Result "1-0"]
[WhiteElo "1844"]
[BlackElo "1853"]

1.e4 e6 2.d4 d5 3.Nd2 dxe4 4.Nxe4 Nd7 5.Nf3 Ngf6 6.Bd3 b6 7.O-O Bb7 8.Re1 Be7
9.Bf4 O-O 10.c3 h6 11.Bc2 Nxe4 12.Bxe4 Bxe4 13.Rxe4 Nf6 14.Re1 Nd5 15.Bg3 Bd6
16.Ne5 c5 17.Qg4 Rc8 18.Rad1 cxd4 19.Rxd4 b5 20.Nxf7 Rxf7 21.Qxe6 Bxg3 22.hxg3
Qf6 23.Qxc8+ Kh7 24.Re2 1-0

[Event "Campeonato de Aragón por Equipos 2008 "]
[Site "Aragón"]
[Date "2008.02.09"]
[Round "2.49"]
[White "Martinez Catalin Francisco Javier"]
[Black "Horton Justin"]
[Result "1/2-1/2"]
[WhiteElo "2247"]
[BlackElo "2147"]

1.d4 e6 2.c4 Nf6 3.Nc3 Bb4 4.Qc2 O-O 5.a3 Bxc3+ 6.Qxc3 b6 7.Bg5 Bb7 8.e3 d6 9.
Ne2 Nbd7 10.Qd3 e5 11.Nc3 h6 12.Bh4 exd4 13.Qxd4 Ne5 14.Be2 c5 15.Qd1 g5 16.
Bg3 Bxg2 17.Rg1 Bc6 18.f4 Ng6 19.fxg5 hxg5 20.Bxd6 Re8 21.Rxg5 Rxe3 22.Bf4
Rxc3 23.Qxd8+ Rxd8 24.bxc3 Ne4 25.Rg1 Nxc3 26.Rc1 Nxe2 27.Kxe2 Rd4 28.Bg5 Bd7
29.h4 Kh7 30.h5 Ne5 31.Rc3 Bg4+ 32.Kf2 Bxh5 33.Rh3 Kg6 34.Be3+ Ng4+ 35.Ke1 Re4
36.Kd2 f5 37.Rgh1 Nf6 38.Rh4 Rxh4 39.Rxh4 Bg4 40.Rh8 Bf3 41.Rc8 Ne4+ 42.Kd3
Nd6 43.Rc7 a6 44.Ra7 Bg2 45.Bxc5 Bf1+ 46.Kc2 Nxc4 47.Rxa6 Ne3+ 48.Bxe3 1/2-1/2

[Event "Campeonato de Aragón por Equipos 2008 "]
[Site "Aragón"]
[Date "2008.02.09"]
[Round "2.50"]
[White "Abos Rosico Antonio"]
[Black "Solano Lasierra Javier"]
[Result "0-1"]
[WhiteElo "2043"]
[BlackElo "2146"]

1.e4 e6 2.d4 d5 3.Nd2 dxe4 4.Nxe4 Nd7 5.Nf3 Ngf6 6.Bd3 Be7 7.Qe2 O-O 8.Bf4 c5
9.dxc5 Nxc5 10.Nxc5 Qa5+ 11.Bd2 Qxc5 12.O-O-O b5 13.Ng5 Bb7 14.h4 b4 15.Kb1
Bd5 16.Rh3 Rac8 17.b3 a5 18.Be3 Qc6 19.Bd4 h6 20.Rg3 Rfd8 21.Nh7 e5 22.Qxe5
Qd6 23.Nxf6+ Bxf6 24.Rxg7+ Kxg7 25.Qf5 Bxd4 26.Qg4+ Kf6 27.Qxd4+ Qe5 28.Qb6+
Be6 29.f4 Qc5 30.Qb7 Rxd3 0-1

[Event "Campeonato de Aragón por Equipos 2008 "]
[Site "Aragón"]
[Date "2008.02.09"]
[Round "2.51"]
[White "Pellicer Cemeli Jose Luis"]
[Black "Gonzalez Gambau Jorge"]
[Result "1/2-1/2"]
[WhiteElo "2073"]
[BlackElo "2039"]

1.d4 d5 2.c4 c6 3.Nc3 Nf6 4.g3 e6 5.Bg2 Bd6 6.Nf3 Nbd7 7.cxd5 cxd5 8.O-O a6 9.
a4 O-O 10.Qd3 Rb8 11.Bf4 Bxf4 12.gxf4 b6 13.Ne5 Bb7 14.Bf3 Ne8 15.Kh1 Nd6 16.
Rg1 f6 17.Nxd7 Qxd7 18.Bg4 Ne4 19.Rg2 Qd6 20.Nxe4 dxe4 21.Qg3 Rf7 22.e3 f5 23.
Bh5 Rc7 24.Rag1 Rbc8 25.Qh4 Qe7 26.Rg5 h6 27.Bg6 Rc1 28.Qh5 Rxg1+ 29.Rxg1 Qf6
30.Qd1 Bd5 31.Bh5 Bc4 32.Be2 Bxe2 33.Qxe2 a5 34.Qb5 Rc2 35.Rf1 Qh4 36.Kg2 Qg4+
37.Kh1 Qf3+ 38.Kg1 Qg4+ 39.Kh1 Qe2 40.Qxe2 Rxe2 41.b4 Ra2 42.bxa5 bxa5 43.Kg2
Rxa4 44.Rb1 Rb4 45.Rc1 Rb8 46.Ra1 Ra8 47.Ra4 Kf7 48.Kf1 g5 49.fxg5 hxg5 50.h3
Ke7 51.Ke2 Kd6 52.Kd2 Kc6 53.Kc3 Kb5 54.Rc4 a4 55.Rc5+ Kb6 56.Kb2 Ra5 57.Rc8
Kb5 58.Ka3 1/2-1/2

[Event "Campeonato de Aragón por Equipos 2008 "]
[Site "Aragón"]
[Date "2008.02.09"]
[Round "2.52"]
[White "Pascual Sese Lucas"]
[Black "Fuentes Espuna Juan Antonio"]
[Result "0-1"]
[WhiteElo "1867"]
[BlackElo "1749"]

1.e4 c5 2.Nc3 Nc6 3.g3 g6 4.Bg2 Bg7 5.Nge2 d6 6.O-O Nf6 7.d3 O-O 8.f4 e6 9.h3
a6 10.Bd2 Bd7 11.Kh2 Qc7 12.Qc1 Ne7 13.Nd1 Bc6 14.Nf2 b5 15.c3 Qb7 16.Qc2 Rac8
17.Rae1 Nd7 18.g4 f5 19.Ng3 fxg4 20.Nxg4 Kh8 21.Bh1 b4 22.c4 a5 23.b3 a4 24.
Bc1 a3 25.Bf3 Rf7 26.Ne3 h5 27.Ng2 Rcf8 28.Qe2 Nf6 29.Nh4 Kg8 30.Rg1 Qc7 31.
Rg2 Be8 32.Reg1 d5 33.e5 Nd7 34.Bxh5 Rxf4 35.Bxf4 Rxf4 36.Bg4 Nxe5 37.Bxe6+
Kh7 38.Bg4 Nxg4+ 39.hxg4 dxc4 40.dxc4 Bc6 41.Rf2 Re4 42.Qd2 Rxg4 43.Nf3 Bh6
44.Qe2 Nf5 45.Rgg2 Nxg3 46.Qe5 Rh4+ 47.Kxg3 Bf4+ 48.Kxh4 Bxe5 49.Ng5+ Kg8 50.
Rg4 Qg7 51.Rgf4 Qh6+ 0-1

[Event "Campeonato de Aragón por Equipos 2008 "]
[Site "Aragón"]
[Date "2008.02.09"]
[Round "2.54"]
[White "Garcia Andres Daniel"]
[Black "Vera Jimenez Andres"]
[Result "1/2-1/2"]
[WhiteElo "2017"]
[BlackElo "2035"]

1.e4 c5 2.f4 e6 3.Nf3 Nc6 4.Nc3 a6 5.g3 d6 6.Bg2 Nf6 7.O-O Qc7 8.d3 Be7 9.h3
Bd7 10.Qe1 Nd4 11.e5 Nxc2 12.Qf2 Nxa1 13.exf6 Bxf6 14.Be3 d5 15.d4 Nc2 16.Qxc2
cxd4 17.Nxd4 O-O 18.Qd2 Rac8 19.g4 Be7 20.a3 Qc4 21.Rc1 Qc7 22.Qf2 Qa5 23.Nf3
Bc5 24.Nd4 Qd8 25.Kh2 Qe8 26.Re1 Bd6 27.Nf3 Bc6 28.Ne5 f6 29.Nd3 Qf7 30.Bd4
Rce8 31.Kg1 Qc7 32.Nc5 Bxc5 33.Bxc5 Rf7 34.Nxd5 exd5 35.Rxe8+ Bxe8 36.Bxd5
1/2-1/2

[Event "Campeonato de Aragón por Equipos 2008 "]
[Site "Aragón"]
[Date "2008.02.09"]
[Round "2.55"]
[White "Sierra Aguerri Joaquin"]
[Black "Lafarga Bueno Daniel"]
[Result "1-0"]
[WhiteElo "2010"]
[BlackElo "1816"]

1.e4 e5 2.Bc4 Nf6 3.Nf3 Nc6 4.Ng5 d5 5.exd5 Na5 6.Bb5+ c6 7.dxc6 bxc6 8.Qf3
Rb8 9.Bxc6+ Nxc6 10.Qxc6+ Nd7 11.d3 Bb7 12.Qc4 Qf6 13.O-O Qg6 14.f4 Bc5+ 15.
Kh1 O-O 16.Nc3 exf4 17.Qxf4 f6 18.Nge4 f5 19.Ng3 Bd6 20.Qg5 Qe6 21.Bd2 Rf6 22.
Rae1 Qf7 23.Rxf5 Rxf5 24.Qxf5 Nf6 25.Qe6 1-0

[Event "Campeonato de Aragón por Equipos 2008 "]
[Site "Aragón"]
[Date "2008.02.09"]
[Round "2.56"]
[White "Diaz Gordo Enrique"]
[Black "Ruiz Gutierrez Manuel"]
[Result "0-1"]
[WhiteElo "1500"]
[BlackElo "1899"]

1.e4 c5 2.Nf3 e6 3.d4 cxd4 4.Nxd4 Nf6 5.Nc3 a6 6.Bd3 Qc7 7.Be3 Nc6 8.Qd2 b5 9.
f3 Bb7 10.g4 Rc8 11.O-O-O Qa5 12.Kb1 Bb4 13.Nde2 Ne5 14.Rhf1 O-O 15.h4 d5 16.
Bd4 Nfd7 17.Qf4 f6 18.g5 Nxd3 19.Rxd3 e5 20.Qf5 exd4 21.Qxd7 Rf7 22.Qe6 dxc3
23.gxf6 cxb2 24.Rg1 g6 25.h5 Qc7 26.Nd4 Qh2 27.Rg4 Qxh5 28.f4 Qh1+ 29.Kxb2
Qxe4 30.Kb3 Bf8 31.Rh4 Re8 32.Qg4 Qe1 33.Kb2 Qb4+ 34.Nb3 Qa3+ 35.Kc3 Bb4+ 36.
Kd4 Re4# 0-1

[Event "Campeonato de Aragón por Equipos 2008 "]
[Site "Aragón"]
[Date "2008.02.09"]
[Round "2.57"]
[White "Navarro Alonso Jorge Luis"]
[Black "Laliena Solares Luis"]
[Result "1/2-1/2"]
[WhiteElo "2136"]
[BlackElo "2201"]

1.e4 c5 2.Nf3 a6 3.Nc3 b5 4.d4 e6 5.Be3 Qc7 6.dxc5 Bxc5 7.Bxc5 Qxc5 8.Bd3 Bb7
9.O-O d6 10.Re1 Nd7 11.e5 Nxe5 12.Nxe5 dxe5 13.Be4 Bxe4 14.Nxe4 Qc7 15.Nd6+
Ke7 16.Qf3 Nf6 17.Rad1 Rhd8 18.Rd3 Kf8 19.Red1 Nd5 20.Ne4 Nf4 21.Rxd8+ Rxd8
22.Rxd8+ Qxd8 23.g3 Nd5 24.Qa3+ Ne7 25.Qxa6 Qd1+ 26.Kg2 Qd5 27.f3 f5 28.Nc3
Qd2+ 29.Kh3 b4 30.Nb5 Qh6+ 31.Kg2 Qd2+ 32.Kh3 1/2-1/2

[Event "Campeonato de Aragón por Equipos 2008 "]
[Site "Aragón"]
[Date "2008.02.09"]
[Round "2.58"]
[White "Cobo Garrido Diego Israel"]
[Black "Pellicer Coloma Pedro"]
[Result "1-0"]
[WhiteElo "1989"]
[BlackElo "1985"]

1.e4 c5 2.Nf3 Nc6 3.d4 cxd4 4.Nxd4 Nf6 5.Nc3 e5 6.Ndb5 d6 7.Bg5 a6 8.Na3 b5 9.
Bxf6 gxf6 10.Nd5 Bg7 11.Bd3 Ne7 12.Nxe7 Qxe7 13.O-O f5 14.c3 O-O 15.exf5 e4
16.Re1 d5 17.Nc2 Qc5 18.Bf1 Bxf5 19.a4 Bd7 20.axb5 Bxb5 21.Bxb5 Qxb5 22.Rb1 f5
23.Nd4 Qb6 24.Qd2 f4 25.Rbd1 Rad8 26.Qe2 Qg6 27.f3 Rde8 28.Qc2 Re5 29.Re2 Rfe8
30.Rde1 Bf6 31.Rf1 Qh6 32.Qd2 Rh5 33.h3 e3 34.Qd3 Bh4 35.Nf5 Bf2+ 36.Rfxf2
exf2+ 37.Kf1 Qc6 38.Ne7+ Rxe7 39.Rxe7 Qc4 40.Qe2 Qxe2+ 41.Rxe2 Kf7 42.Kxf2 Rf5
43.Rd2 Ke6 44.Rd4 Ke5 45.Ra4 Rf6 46.Rb4 h6 47.g3 fxg3+ 48.Kxg3 Rg6+ 49.Kf2 Rf6
50.Ke3 Rg6 51.Rh4 Kf5 52.Rh5+ Ke6 53.Kd4 Rf6 54.Re5+ Kf7 55.Re3 Rb6 56.b4 Rg6
57.f4 Rd6 58.Re5 Rf6 59.f5 Rc6 60.Rxd5 Kf6 61.Ra5 Rd6+ 62.Kc5 Rd3 63.Rxa6+
Kxf5 64.Rxh6 Rxc3+ 65.Kb6 Kg5 66.Rh8 Kg6 67.b5 Kg7 68.Rh4 Kf6 69.Kb7 Ke7 70.b6
Kd7 71.Rd4+ Ke6 72.Kb8 Rxh3 73.b7 Rc3 74.Ka7 Ra3+ 75.Kb6 Rb3+ 76.Ka6 Ke5 77.
Ra4 Kd6 78.Ka7 Kc7 79.Rc4+ 1-0

[Event "Campeonato de Aragón por Equipos 2008 "]
[Site "Aragón"]
[Date "2008.02.09"]
[Round "2.59"]
[White "Ainsa Ignacio"]
[Black "Gayan Miguel Angel"]
[Result "1/2-1/2"]
[WhiteElo "1935"]
[BlackElo "1910"]

1.d4 d5 2.Nf3 Nf6 3.Bf4 c6 4.c3 Bf5 5.e3 e6 6.Bd3 Bxd3 7.Qxd3 Bd6 8.Ne5 Qc7 9.
Nd2 Nbd7 10.Nxd7 Qxd7 11.Bg3 Qc7 12.e4 dxe4 13.Nxe4 Nxe4 14.Qxe4 O-O 15.O-O-O
Rad8 16.Rd3 Qa5 17.Kb1 Qf5 18.Re1 Qxe4 19.Rxe4 Bxg3 20.Rxg3 Rd5 21.Rge3 Rfd8
22.Re5 Rxe5 23.Rxe5 Rd5 24.f4 Kf8 25.Kc2 Ke7 26.Kd3 Rxe5 27.fxe5 Kd7 28.Ke4
Kc7 29.c4 b6 30.d5 Kd7 31.b4 h6 32.d6 c5 33.b5 f5+ 34.Kf3 g5 35.Kg3 Kd8 36.Kf3
Kd7 37.g3 Kd8 38.h3 Kd7 1/2-1/2

[Event "Campeonato de Aragón por Equipos 2008 "]
[Site "Aragón"]
[Date "2008.02.09"]
[Round "2.60"]
[White "Gimeno Diaz Fernando"]
[Black "Solanas Godes Beatriz"]
[Result "1/2-1/2"]
[WhiteElo "1909"]
[BlackElo "1792"]

1.d4 d5 2.Nf3 Nf6 3.c4 e6 4.Nc3 Nbd7 5.Bg5 Be7 6.e3 h6 7.Bh4 O-O 8.Rc1 b6 9.
cxd5 exd5 10.Bd3 Bb7 11.O-O Re8 12.Qa4 c6 13.a3 Nh7 14.Bg3 Ng5 15.Ne5 Nxe5 16.
Bxe5 Ne6 17.b4 a5 18.Qb3 Ra7 19.Bg3 c5 20.bxc5 bxc5 21.Bb5 Rf8 22.dxc5 Nxc5
23.Qa2 d4 24.exd4 Qxd4 25.Rfd1 Qg4 26.Nd5 Bxd5 27.Rxd5 Ne6 28.h3 Qe4 29.a4 Nf4
30.Bxf4 Qxf4 31.Rdd1 Bb4 32.Qc4 Qxc4 33.Rxc4 Re7 34.Rcd4 g6 35.g3 Rc8 36.Rd8+
Rxd8 37.Rxd8+ Kg7 38.Rd7 Rxd7 39.Bxd7 1/2-1/2